Exits on All Highways in the 400-Highway Series - Statistics

General Stats
  • This quiz has been taken 6 times
  • The average score is 203 of 546
Answer Stats
Highway Exit % Correct
407 Highway 400
100%
401 Highway 400 / Black Creek Drive
100%
403 Highway 401 / Highway 410
100%
401 Highway 402
100%
401 Highway 403 / Highway 410
100%
427 Highway 409
100%
401 Highway 409 / Belfield Road / Kipling Avenue
100%
401 Highway 40 / Communication Road
100%
402 Highway 40 / Modeland Road
100%
407 Highway 410
100%
401 | 407 Highway 412
100%
QEW Highway 420 / Lundy's Lane / Dorchester Road
100%
401 Highway 49 / Marysville Road
100%
401 Highway 4 / Colonel Talbot Road
100%
401 Highway 4 / Wonderland Road
100%
427 Airport Road / Dixon Road
67%
401 Allen Road / Yorkdale Road
67%
401 | 407 Bayview Avenue
67%
401 Bloor Street / Harmony Road
67%
401 | 417 Boundary Road
67%
401 | 407 Bowmanville Avenue
67%
401 | 407 Brock Road
67%
401 Brock Street
67%
400 Centennial Drive / Highway 124
67%
401 Courtice Road
67%
401 | 407 | QEW Dixie Road
67%
401 Dixon Road / Martin Grove Road
67%
404 Don Valley Parkway / Highway 401
67%
403 | 407 | 412 | 427 Dundas Street
67%
407 Harmony Road
67%
400 Highway 11
67%
407 Highway 12 / Baldwin Street
67%
400 Highway 12 / County Road 16
67%
400 Highway 12 / Vasey Road
67%
401 Highway 137
67%
401 Highway 138
67%
417 Highway 138 / County Road 8
67%
400 Highway 141
67%
401 Highway 15
67%
401 | 416 Highway 16
67%
401 Highway 19 / Plank Line
67%
402 Highway 21 / Lambton Road
67%
403 Highway 24 / King George Road
67%
403 Highway 24 / Rest Acres Road
67%
400 Highway 26 / Bayfield Street
67%
407 | 427 Highway 27
67%
401 Highway 2 / County Road 2
67%
401 | 407 Highway 35 / Highway 115
67%
401 Highway 37
67%
401 Highway 3 / Howard Avenue
67%
401 Highway 3 / Huron Church Road
67%
401 Highway 3 / Talbot Road
67%
400 | 402 | 403 | +7 others Highway 401
67%
401 | 407 | 410 | QEW Highway 403
67%
QEW Highway 403 / Highway 407
67%
407 Highway 404
67%
401 Highway 404 / Don Valley Parkway
67%
QEW Highway 405
67%
QEW Highway 406
67%
400 | 401 | 403 | +5 others Highway 407
67%
401 | 417 Highway 416
67%
401 | 407 Highway 418
67%
401 | 403 Highway 6
67%
401 Highway 62
67%
401 Highway 6 / Brock Road
67%
403 Highway 6 / Garner Road
67%
400 | 404 | 417 | 427 Highway 7
67%
401 Highway 77 / Comber Road
67%
400 Highway 89 / County Road 89
67%
401 Highway 8 / Regional Road 8
67%
400 Highway 9 / Davis Drive
67%
400 | 407 Jane Street
67%
401 | 407 Kennedy Road
67%
401 Kingston Road / Port Union Road / Highway 2A / Sheppard Avenue
67%
401 | 407 Lakeridge Road
67%
401 | 407 Leslie Street
67%
401 Liverpool Road
67%
403 Main Street
67%
401 | 407 Markham Road
67%
401 Mill Street
67%
401 Salem Road
67%
401 | 407 Simcoe Street
67%
401 Stevenson Road
67%
401 Sweaburg Road / Mill Street
67%
412 | 418 Taunton Road
67%
401 | 407 Thickson Road
67%
401 Victoria Park Avenue
67%
401 | 407 Warden Avenue
67%
401 Westney Road
67%
401 Whites Road
67%
412 Winchester Road
67%
401 | 407 Yonge Street
67%
400 12 Mile Bay Road
33%
403 Aberdeen Avenue
33%
402 | 407 | 409 Airport Road
33%
403 | 407 | QEW Appleby Line
33%
409 Attwell Drive
33%
401 Avenue Road
33%
400 Avro Arrow Road
33%
401 Baltimore Road
33%
QEW Bartlett Avenue
33%
400 Bass Pro Mills Drive
33%
401 | 407 Bathurst Street
33%
409 Belfield Road / Kipling Avenue
33%
401 Belle River Road
33%
401 Bennett Road
33%
401 Bloomfield Road
33%
404 Bloomington Road
33%
410 Bovaird Drive
33%
407 Bramalea Road
33%
403 | QEW Brant Street
33%
401 Brimley Road / Progress Avenue
33%
407 Britannia Road
33%
403 | 407 | QEW Bronte Road
33%
427 Brown's Line
33%
403 | QEW Burloak Drive
33%
401 Burnham Street
33%
427 Burnhamthorpe Road
33%
401 Cabana Road West / Todd Lane
33%
401 Camden East Road
33%
400 Canal Road
33%
401 Carlingview Drive
33%
401 Carman Road
33%
QEW Casablanca Boulevard
33%
QEW Cawthra Road
33%
401 Cedar Creek Road
33%
402 Centre Road
33%
QEW Christie Street / Maple Avenue / Ontario Street
33%
402 Christina Street
33%
410 Clark Boulevard
33%
402 Colonel Talbot Road
33%
417 County Road 17
33%
401 County Road 2
33%
403 County Road 25
33%
401 County Road 29
33%
401 County Road 2 / County Road 34
33%
401 County Road 30
33%
401 County Road 31
33%
401 County Road 32
33%
401 County Road 41
33%
401 County Road 42
33%
401 County Road 46
33%
403 County Road 55
33%
401 County Road 59
33%
401 County Road 6
33%
400 County Road 88
33%
401 Culloden Road
33%
401 Currie Road
33%
404 Davis Drive
33%
407 | 410 Derry Road
33%
427 Derry Road / Rexdale Boulevard
33%
401 Deseronto Road
33%
401 Dickinson Drive
33%
400 District 38 Road / Go Home Lake Road
33%
401 Division Street
33%
401 | 420 Dorchester Road
33%
403 | QEW Dorval Drive
33%
401 Dougall Parkway
33%
401 Drumbo Road
33%
400 Duckworth Street
33%
407 Dufferin Street
33%
401 Dufferin Street / Yorkdale Road
33%
400 Dunlop Street
33%
QEW Eastport Drive
33%
401 E.C. Row Expressway
33%
401 Edward Street
33%
401 | 427 Eglinton Avenue
33%
403 Eglinton Avenue / Eastgate Parkway / Cawthra Road
33%
404 Elgin Mills Road
33%
401 Elgin Road
33%
407 Enfield Road
33%
403 Erin Mills Parkway
33%
QEW Erin Mills Parkway / Southdown Road
33%
400 Essa Road
33%
QEW Evans Avenue / The West Mall / Browns Line
33%
427 Eva Road
33%
401 Exeter Road
33%
407 Fairview Street / Plains Road
33%
403 Fiddler's Green Road
33%
QEW Fifty Road
33%
400 | 404 | 427 Finch Avenue
33%
400 Forbes Road
33%
403 | QEW Ford Drive
33%
401 Fourth Line Road / Curry Hill Road
33%
401 Franklin Boulevard
33%
401 French Line Road
33%
402 Front Street
33%
QEW Fruitland Road
33%
401 Furnival Road
33%
403 Garden Avenue
33%
QEW Gardiner Expressway / Highway 427
33%
400 Georgian Bay Road / Crooked Bay Road
33%
406 | QEW Glendale Avenue
33%
402 Glendon Drive
33%
401 Glen Miller Road
33%
400 Global Tower Road
33%
407 Goreway Drive
33%
401 Graham Road
33%
404 Green Lane
33%
401 | 403 | QEW Guelph Line
33%
401 Hespeler Road
33%
402 Hickory Drive
33%
400 Hidden Glen Road
33%
401 Highbury Avenue
33%
417 Highway 17
33%
417 Highway 34 / County Road 34
33%
401 | 407 | 409 Highway 427
33%
401 Highway 427 / Renforth Drive
33%
400 Highway 559
33%
406 Highway 58
33%
400 Highway 93 north / Penetanguishene Road
33%
427 Holiday Drive
33%
401 Holt Road
33%
401 Homer Watson Boulevard / Fountain Street
33%
400 Horseshoe Valley Road
33%
400 Hunter Drive/ Highway 518
33%
403 | 407 | QEW Hurontario Street
33%
410 Hurontario Street / Valleywood Boulevard
33%
401 Hurontario Street / Whittle Road
33%
402 Indian Road
33%
400 Innisfil Beach Road
33%
401 Iona Road
33%
400 Iroquois Cranberry Growers Drive
33%
401 Islington Avenue
33%
401 James Snow Parkway
33%
401 Joyceville Road
33%
401 | 407 Keele Street
33%
401 Kent Bridge Road
33%
403 | QEW Kerr Street
33%
402 Kerwood Road
33%
400 King Road
33%
400 Lake Joseph Road
33%
QEW Lake Street
33%
427 Langstaff Road
33%
401 Liberty Street
33%
403 Lincoln M. Alexander Parkway / Rousseaux Street
33%
400 Line 5
33%
400 Lloydtown-Aurora Road
33%
402 Longwoods Road
33%
400 Lower Big Chute Road
33%
401 Lyle Street
33%
401 Maitland Road
33%
400 | 404 | 427 Major Mackenzie Drive
33%
401 Mallorytown Road
33%
402 Mandaumin Road
33%
401 Manning Road
33%
400 Mapleview Drive
33%
409 Martin Grove Road
33%
401 | 407 Mavis Road
33%
403 Mavis Road / Centre View Drive
33%
410 Mayfield Road
33%
401 McConnell Avenue
33%
401 | 407 McCowan Road
33%
400 McDougall Road / Bow Street
33%
401 Meadowvale Road
33%
407 | QEW Mississauga Road
33%
401 Mississauga Road / Erin Mills Parkway
33%
401 Montreal Street
33%
400 Moonstone Road
33%
401 Morningside Avenue
33%
401 Moulinette Road
33%
400 Mount St. Louis Road
33%
401 Municipal Road 33
33%
400 Muskoka Road / Port Severn Road North
33%
402 Nauvoo Road
33%
401 Neilson Road
33%
401 Newtonville Road
33%
QEW Nikola Tesla Boulevard / Woodward Avenue
33%
407 Ninth Line
33%
401 North Augusta Road
33%
QEW North Shore Boulevard / Eastport Drive
33%
403 Oak Park Road
33%
400 Oastler Park Drive / Badger Road
33%
402 Oil Heritage Road
33%
401 Ojibway Parkway
33%
401 | QEW Ontario Street
33%
401 Orford Road
33%
401 Palace Road
33%
403 Paris Road
33%
400 Parry Sound Drive
33%
401 Percy Street / Big Apple Drive
33%
407 Pine Valley Drive
33%
QEW Plains Road / Fairview Street
33%
400 Port Severn Road South
33%
401 Power Dam Drive
33%
401 Puce Road
33%
401 Putnam Road
33%
400 Quarry Road
33%
403 | 405 | 406 | +2 others Queen Elizabeth Way
33%
427 Queen Elizabeth Way / Gardiner Expressway
33%
401 Queen's Line
33%
410 Queen Street
33%
400 Rankin Lake Road
33%
427 Rathburn Road
33%
418 Regional Highway 2
33%
401 Regional Road 25
33%
401 Reynolds Road
33%
401 Ritson Road
33%
403 | QEW Royal Windsor Drive
33%
400 | 427 Rutherford Road
33%
410 Sandalwood Parkway
33%
400 Seguin Trail / Horseshoe Lake Road
33%
QEW Seventh Street
33%
401 Shanly Road
33%
401 Shannonville Road
33%
404 Sheppard Avenue
33%
401 Sir John A. Macdonald Boulevard
33%
404 Sixteenth Avenue
33%
400 South Gibson Lake Road
33%
400 | 410 Steeles Avenue
33%
404 Steeles Avenue / Woodbine Avenue
33%
404 Stouffville Road
33%
401 Summerstown Road
33%
401 Sydenham Road
33%
400 Teston Road
33%
403 | QEW Third Line
33%
401 Thousand Islands Parkway
33%
409 Toronto Pearson International Airport
33%
401 Toronto Street
33%
401 Towerline Road
33%
401 Townline Road
33%
405 Townline Road / Stanley Avenue
33%
401 | 403 | 407 | QEW Trafalgar Road
33%
403 Trinity Road
33%
401 Union Road
33%
401 Upper Canada Road
33%
403 Upper Middle Road
33%
427 Valhalla Road
33%
401 Veterans Memorial Parkway
33%
401 Victoria Road
33%
409 Viscount Road
33%
403 | QEW Walkers Line
33%
401 Wallbridge-Loyalist Road
33%
403 Waterdown Road
33%
403 Wayne Gretzky Parkway
33%
401 Wellington Road
33%
404 Wellington Street
33%
401 Wesleyville Road
33%
401 Westchester Bourne
33%
401 | 407 Weston Road
33%
400 White's Falls Road / South Bay Road
33%
403 Wilson Street
33%
401 Wilton Road
33%
401 | 403 | QEW Winston Churchill Boulevard
33%
402 Wonderland Road
33%
407 Woodbine Avenue
33%
404 Woodbine Avenue / Ravenshoe Road
33%
401 Wooler Road
33%
403 York Boulevard
33%
407 York-Durham Line
33%
417 Anderson Road
0%
417 Aviation Parkway
0%
416 Bankfield Road / Brophy Road
0%
417 Barb Road
0%
406 Beaverdams Road
0%
QEW Bowen Road
0%
417 Bronson Avenue
0%
417 Campbell Drive
0%
417 Carling Avenue / Kirkwood Avenue
0%
417 Carp Road
0%
QEW Centennial Parkway
0%
QEW Central Avenue / Duty Free Way
0%
QEW Concession Road
0%
416 County Road 21
0%
416 County Road 43
0%
416 County Road 44
0%
410 Courtneypark Drive
0%
407 Darlington-Clark Townline
0%
416 Dilworth Road
0%
407 Donald Cousens Parkway
0%
420 Drummond Road
0%
406 East Main Street
0%
427 Eringate Drive
0%
427 Evans Avenue
0%
416 Fallowfield Road
0%
427 Fasken Drive
0%
406 Fourth Avenue
0%
417 Front Road / Prescott and Russell Road
0%
406 Geneva Street
0%
427 Gibbs Road
0%
QEW Gilmore Road
0%
416 Holly Acres Road / Richmond Road
0%
417 Hunt Club Road
0%
402 I-94 West / I-69 West
0%
417 Innes Road
0%
417 Island Park Drive
0%
QEW Jordan Road
0%
417 Kanata Avenue / Castlefrank Road
0%
417 Kent Street
0%
417 Kinburn Side Road
0%
417 Limoges Road
0%
QEW Lyons Creek Road
0%
417 Maitland Avenue
0%
417 March Road
0%
417 March Road / Eagleson Road
0%
QEW Martindale Road
0%
417 McCrimmon Road
0%
QEW McLeod Road
0%
406 Merritt Road
0%
417 Metcalfe Street / Catherine Street
0%
420 Montrose Road
0%
417 Moodie Drive
0%
QEW Mountain Road
0%
401 Municipal Road 38
0%
QEW Netherby Road
0%
409 Network Road
0%
407 Neyagawa Boulevard
0%
QEW Niagara Street
0%
417 Nicholas Street / Mann Avenue / Lees Avenue
0%
416 Oxford Station Road
0%
417 Palladium Drive
0%
417 Panmure Road
0%
417 Parkdale Avenue
0%
417 Pinecrest Road / Greenbank Road
0%
417 Principale Street / St. Albert Road
0%
404 Queensville Sideroad
0%
417 Queensway
0%
QEW Red Hill Valley Parkway
0%
406 Regional Road 20
0%
417 Richmond Road / Holly Acres Drive / Bayshore Drive
0%
416 Rideau River Road
0%
417 Road 29
0%
417 Rochester Street
0%
417 Rockdale Road
0%
416 Roger Stevens Drive
0%
427 Sherway Gardens Road / The Queensway
0%
QEW Sodom Road
0%
420 Stanley Avenue
0%
406 St David's Road / Sir Issac Brock Parkway
0%
417 Ste-Catherine Street /Highland Road
0%
417 St. Laurent Boulevard
0%
417 Terry Fox Drive
0%
416 The Queensway
0%
QEW Third Street / North Service Road
0%
QEW Thompson Road
0%
QEW Thorold Stone Road
0%
417 Vanier Parkway / Riverside Drive
0%
QEW Victoria Avenue
0%
404 Vivian Road / Mulock Road
0%
417 Walkley Road
0%
406 Westchester Avenue
0%
416 West Hunt Club Road
0%
417 White Lake Road / Daniel Street
0%
410 Williams Parkway
0%
406 Woodlawn Road / Daimler Parkway
0%
417 Woodroffe Avenue
0%
No matching quizzes found
Score Distribution
Percent of People with Each Score
Percentile by Number Answered
Your Score History
You have not taken this quiz